Denver journal of international law and policy

Bibliographic Details
Format: Unknown
Language:English
Published: Denver : University of Denver College of Law
Subjects:
Online Access:Acceso restringido

MARC

LEADER 00000ny a22000003n 4500
005 20110511104127.0
006 sqr p s g 0 b0
008 050411c19719999us f j eng c
010 |a 72622835 
016 7 |a 100973157  |2 DNLM 
022 |a 0196-2035 
035 |a 2858 
040 |a SpMaUCDE  |d vLex 
080 |a 341.1/.8(05)(086) 
082 |a 341/.05 
090 |c 1614  |d 1614 
245 0 0 |a Denver journal of international law and policy  |h [Recurso electrn̤ico]  |c University of Denver. College of Law. 
246 3 3 |a Journal of international law and policy  |h [Recurso electrn̤ico] 
256 |a Servicio en ln̕ea 
260 |a Denver :  |b University of Denver College of Law 
310 |a Trimestral. 
321 |a Cuatrimestral,  |b 1986-winter 1997.̇ 
506 1 |a Contenido solo disponible en los productos indicados  |d vLex Global  |d vLex Global (Academic Edition, excluding Law Schools)  |d vLex Global (Academic Edition, Law Schools) 
650 0 4 |a Derecho internacional  |x Publicaciones perid̤icas 
650 0 4 |a Political science 
650 0 4 |a International relations 
650 0 4 |a Law 
740 0 |a vLex Revista (Servicios en ln̕ea) 
843 |a Electrn̤ica. Abierta 
853 |8 1  |i (year)  |j (month)  |k (day) 
856 4 0 |u http://vlex.com/source/2858  |z Acceso restringido 
942 |c REV 
999 0 4 |a Derecho internacional  |v En ln̕ea.